header

Safeguarding vulnerable adults and the law (Record no. 21226)

MARC details
000 -LEADER
fixed length control field 01480nam a2200337Ia 4500
100 1# - MAIN ENTRY--AUTHOR NAME
Personal name Mandelstam, Michael,
245 10 - TITLE STATEMENT
Title Safeguarding vulnerable adults and the law
260 ## - PUBLICATION, DISTRIBUTION, ETC. (IMPRINT)
Place of publication London ;
-- Philadelphia :
Name of publisher Jessica Kingsley Publishers,
Year of publication 2009.
300 ## - PHYSICAL DESCRIPTION
Number of Pages 320 p.
650 #0 - SUBJECT ADDED ENTRY--TOPICAL TERM
Topical Term People with disabilities
Topical Term People with disabilities
Topical Term Community health services
Topical Term National health services
Topical Term Social service
856 40 - ELECTRONIC LOCATION AND ACCESS
Uniform Resource Identifier http://site.ebrary.com/lib/rucke/Doc?id=10273797

No items available.

© 2026 Rongo University
Contact us: librarian | system librarian | Rongo university